|
|
|
|
| LEADER |
00000nam a22000004a 4500 |
| 001 |
AR-BbUGT2058 |
| 003 |
AR-BbUGT |
| 005 |
20181220001618.0 |
| 007 |
ta |
| 008 |
061101t1958 ||| |0|||0| d |
| 040 |
|
|
|a AR-BbUGT
|b spa
|c AR-BbUGT
|
| 082 |
0 |
4 |
|a 571.09823
|
| 100 |
1 |
|
|a Lafon, Ciro Rene.
|
| 245 |
1 |
3 |
|a De la cronología y origen de las culturas del noroeste argentino /
|c Ciro Rene Lafon.
|
| 260 |
|
|
|a La Plata :
|b s.n.,
|c 1958.
|
| 500 |
|
|
|a Separata de la revista del Museo de La Plata (Nueva serie) Sección Antropología, tomo V, páginas 1-27.
|
| 653 |
|
|
|a Antropología
|
| 653 |
|
|
|a Arqueología
|
| 653 |
|
|
|a Noroeste argentino
|
| 942 |
|
|
|c BK
|h 571.09823
|i L133
|m D
|2 ddc
|6 571_098230000000000_L133
|
| 942 |
|
|
|c BK
|h 571.09823
|i L133
|m D
|2 ddc
|
| 999 |
|
|
|c 9729
|d 9729
|